| 000 | 00682nam a22002177a 4500 | ||
|---|---|---|---|
| 005 | 20170124110038.0 | ||
| 010 | _aA-456659 | ||
| 020 |
_c00.00 _a8170312590 |
||
| 035 | _aA-456659 | ||
| 037 | _bCen Lib/Ret | ||
| 040 |
_aDPL _bEN |
||
| 082 |
_a882 _bANA |
||
| 100 |
_aAnand, Mulk Raj _923158 |
||
| 245 |
_aLittle plays of Mahatma Gandhi / _cby Mulk Raj Anand |
||
| 260 |
_aNew Delhi _bArnold Publishers _c1991 |
||
| 270 |
_bNew Delhi _aAB/9, Safdarjung Enclave _e110029 |
||
| 300 |
_a140p. _c21cm(Hb) |
||
| 650 |
_aGandhi, -- Mahatma, -- 1869-1948 -- Drama _923159 |
||
| 650 |
_aIndia -- History -- 20th century -- Drama _923160 |
||
| 942 |
_2ddc _cEN _h882 _mANA |
||
| 999 |
_c128360 _d128360 |
||